000 01003nam a2200253Ia 4500
003 OSt
005 20220930094938.0
006 a|||||r|||| 00| 0
007 ta
008 220926b |||||||| |||| 00| 0 hin d
024 _a56018
037 _cTheses
040 _aCRL
_cCRL
_bhin
041 _2hin
_ahin
100 _aमीणा, लहरीराम, ले.
110 _aदिल्ली विश्वविद्यालय. कला संकाय. हिंदी विभाग
_9556869
245 0 _aनंदकिशोर आचार्य के नाटकों में रंगबोध।
246 _aNandakishor āchārya ke nāṭakoan mean rangabodha।
260 _c2017
300 _a270 पृ.
_ap.
_ccm.
700 _aदिल्ली विश्वविद्यालय. कला संकाय. हिंदी विभाग
_9556870
942 _cDIS
_2CC
999 _c888021
_d888021